La religión al alcance de todos / (Record no. 82430)
[ view plain ]
| 000 -LEADER | |
|---|---|
| campo de control de longitud fija | 00552nam a2200193 4500 |
| 001 - NÚMERO DE CONTROL | |
| campo de control | 82430 |
| 003 - IDENTIFICADOR DE NÚMERO DE CONTROL | |
| campo de control | ES-MaACL |
| 005 - FECHA Y HORA DE LA ÚLTIMA TRANSACCIÓN | |
| campo de control | 20230906174654.0 |
| 007 - CAMPO FIJO DE DESCRIPCIÓN FÍSICA--INFORMACIÓN GENERAL | |
| campo de control de longitud fija | t| |
| 008 - DATOS DE LONGITUD FIJA--INFORMACIÓN GENERAL | |
| campo de control de longitud fija | 041110q1932 sp |||| | spa d |
| 080 ## - NÚMERO DE LA CLASIFICACIÓN DECIMAL UNIVERSAL | |
| Número de la Clasificación Decimal Universal | 239 |
| 100 1# - ENTRADA PRINCIPAL--NOMBRE DE PERSONA | |
| Nombre de persona | Ibarreta, Rogelio H. de. |
| 9 (RLIN) | 64971 |
| 245 13 - MENCIÓN DEL TÍTULO | |
| Título | La religión al alcance de todos / |
| Mención de responsabilidad, etc. | Rogelio H. Ibarreta. |
| 250 ## - MENCION DE EDICION | |
| Mención de edición | 10ª ed. |
| 260 ## - PUBLICACIÓN, DISTRIBUCIÓN, ETC. | |
| Lugar de publicación, distribución, etc. | Madrid : |
| Nombre del editor, distribuidor, etc. | [s.n., |
| Fecha de publicación, distribución, etc. | ca. 1932 ] ( |
| Fabricante | Sáez Hermanos) |
| 300 ## - DESCRIPCIÓN FÍSICA | |
| Extensión | 286 p. ; |
| Dimensiones | 20 cm. |
| 650 #4 - PUNTO DE ACCESO ADICIONAL DE MATERIA--TÉRMINO DE MATERIA | |
| Término de materia o nombre geográfico como elemento de entrada | Cristianismo- |
| Subdivisión de forma | Obras de controversia. |
| 9 (RLIN) | 11431 |
| 852 4# - LOCALIZACIÓN | |
| Ubicación | ES-MaACL |
| Número de control de estantería | D-1949 |
| Estatus retirado | Estado de pérdida | Estado de daño | No para préstamo | Biblioteca de origen | Biblioteca actual | Ubicación en estantería | Fecha de adquisición | Fuente de adquisición | Total de préstamos | Signatura topográfica completa | Código de barras | Visto por última vez | Precio de reemplazo | Tipo de ítem Koha |
|---|---|---|---|---|---|---|---|---|---|---|---|---|---|---|
| Biblioteca del Ateneo de Madrid | Biblioteca del Ateneo de Madrid | Sala Valle Inclán | 17/01/2008 | D-1949 | 901086147 | 23/02/2023 | 23/02/2023 | Libro impreso |
